000 00709nam a2200265Ia 4500
003 OSt
005 20220926020738.0
006 a|||||r|||| 00| 0
007 ta
008 220923b |||||||| |||| 00| 0 eng d
020 _a9780387738918
037 _cGeneral Book
040 _aRTL
_cRTL
_beng
041 _2eng
_aeng
082 _aB321, P8
100 _aWells Raymond O
_9325033
245 0 _aDifferential analysis on complex manifolds
250 _a3
260 _aNew York
_bSpringer
_c2008
300 _axiii, 299p
_ccm.
490 _aGraduate Texts in Mathematics
650 _aEconomics
942 _hB321, P8
_cGB
_2CC
999 _c634917
_d634917